El tsunami electoral de 2013 en Chile

Gardado en:
Detalles Bibliográficos
Main Authors: Morales Quiroga, Mauricio (autor), Garrido Silva, Carolina (Author)
Outros autores: Navia Lucero, Patricio (autor)
Formato: Libro
Idioma:Lingua castelá
Publicado: Santiago Ril Editores 2017
Edición:1a. ed
Subjects:
Tags: Engadir etiqueta
Sen Etiquetas, Sexa o primeiro en etiquetar este rexistro!

MARC

LEADER 00000cam a2200000 a 4500
001 UCC3683
003 CL-VaPUC
008 180531e20170000cl |||||||||||||||||spa|d
020 |a 9789560104069 
082 0 4 |a 324.6983  |b MOR  |2 21 
100 |a Morales Quiroga, Mauricio  |e autor  |9 539935 
700 |a Navia Lucero, Patricio  |e autor  |9 561600 
700 |a Garrido Silva, Carolina  |e author  |9 597758 
245 1 3 |a El tsunami electoral de 2013 en Chile 
250 |a 1a. ed 
300 |a 369 p 
942 |c BK 
945 |d 20180531 16:15:00  |a arojas 
260 |a Santiago  |b Ril Editores  |c 2017 
650 7 |a SISTEMA ELECTORAL  |2 CL-VaPUC  |9 403566 
650 0 |a Elecciones  |9 254997 
650 7 |a PARTICIPACION POLITICA  |2 CL-VaPUC  |9 597759 
650 0 |a Partidos políticos  |9 254999 
650 0 |a Votaciones  |9 460213 
651 7 |a CHILE  |2 CL-VaPUC  |9 597760 
583 |a last modification  |c 20180531 16:15:00  |k Rodrigo Vera 
999 |c 371375  |d 371373 
952 |0 0  |1 0  |3 erb  |4 0  |6 324_698300000000000_MOR_2017  |7 0  |8 A  |9 488355  |a BIBHIS  |b BIBHIS  |i 5473411  |o 324.6983 MOR 2017  |p 5473411  |r 2025-01-20  |w 2019-11-24  |y BK  |z Catalogado en:20180531  |k HIS